<?xml version="1.0" encoding="UTF-8"?>
<marc:record xmlns:marc="http://www.loc.gov/MARC21/slim">
   <marc:leader>00000nam a2200000 a 4500</marc:leader>
   <marc:datafield ind1="1" ind2=" " tag="100">
      <marc:subfield code="a">Suba, Isabell [Regie]</marc:subfield>
      <marc:subfield code="4">aut</marc:subfield>
      <marc:subfield code="e">Verfasser/-in</marc:subfield>
   </marc:datafield>
   <marc:datafield ind1="1" ind2=" " tag="100">
      <marc:subfield code="a">Thalbach, Katharina</marc:subfield>
   </marc:datafield>
   <marc:datafield ind1="1" ind2=" " tag="100">
      <marc:subfield code="a">Meinecke, Rosa</marc:subfield>
   </marc:datafield>
   <marc:datafield ind1="1" ind2=" " tag="100">
      <marc:subfield code="a">Meinecke, Laila</marc:subfield>
   </marc:datafield>
   <marc:datafield ind1=" " ind2=" " tag="653">
      <marc:subfield code="a">Zwillinge</marc:subfield>
   </marc:datafield>
   <marc:datafield ind1=" " ind2=" " tag="653">
      <marc:subfield code="a">Geheimnis</marc:subfield>
   </marc:datafield>
   <marc:datafield ind1=" " ind2=" " tag="653">
      <marc:subfield code="a">Internat</marc:subfield>
   </marc:datafield>
   <marc:datafield ind1="0" ind2="0" tag="245">
      <marc:subfield code="a">Hanni und Nanni [Bildtonträger]</marc:subfield>
   </marc:datafield>
   <marc:datafield ind1="0" ind2="0" tag="245">
      <marc:subfield code="b">mehr als beste Freunde</marc:subfield>
   </marc:datafield>
   <marc:datafield ind1="0" ind2="0" tag="245">
      <marc:subfield code="c">Regie: Isabell Suba. Darsteller: Laila und Rosa Meinecke, Katharina Thalbach ...</marc:subfield>
   </marc:datafield>
   <marc:datafield ind1=" " ind2="1" tag="264">
      <marc:subfield code="a">Hamburg</marc:subfield>
      <marc:subfield code="b">Universal</marc:subfield>
      <marc:subfield code="c">2017</marc:subfield>
   </marc:datafield>
   <marc:datafield ind1="1" ind2=" " tag="520">
      <marc:subfield code="a">Die Vorstellung, den Rest des Schuljahres im Internat zu verbringen statt daheim in Berlin, finden die Zwillinge Hanni (Laila Meinecke) und Nanni (Rosa Meinecke) mehr als uncool. Aber ihre Mutter Susanne (Jessica Schwarz) bleibt hart: Sie selbst ist beruflich unterwegs, und wenn Hannis und Nannis Vater Charlie (Sascha Vollmer) allein auf die Zwillinge aufpassen muss, kommt nur Chaos dabei heraus ... So landen die beiden Mädchen im Internat Lindenhof. Die Zwillinge beschließen, so viel Unsinn wie möglich anzustellen, damit sie noch innerhalb der Probezeit wieder von der Schule fliegen.Doch dann findet Nanni unter den Reitschülerinnen neue Freunde und im Pferd Pegasus eine Aufgabe, während Hanni weiter an ihrem Rausschmiss arbeitet. Zum ersten Mal in ihrem Leben gehen die Zwillinge getrennte Wege. Als Hanni im Wald auf den grummeligen Godehard (Henry Hübchen) mit seinem Hund Lochness trifft, ahnt sie nicht, dass in Godehards Haus der Schlüssel zu dem Geheimnis versteckt ist, das den Lindenhof vor dem drohenden Verkauf bewahren kann...Werden die Zwillinge sich wieder zusammen raufen? Und können sie das Internat retten?</marc:subfield>
   </marc:datafield>
   <marc:datafield ind1=" " ind2=" " tag="020">
      <marc:subfield code="a">? 14,70</marc:subfield>
      <marc:subfield code="9">? 14,70</marc:subfield>
   </marc:datafield>
   <marc:datafield ind1=" " ind2=" " tag="041">
      <marc:subfield code="a">ger</marc:subfield>
   </marc:datafield>
   <marc:datafield ind1="0" ind2=" " tag="490">
      <marc:subfield code="v">0</marc:subfield>
   </marc:datafield>
   <marc:datafield ind1=" " ind2=" " tag="542">
      <marc:subfield code="d">Blyton, Enid</marc:subfield>
   </marc:datafield>
   <marc:datafield ind1=" " ind2=" " tag="300">
      <marc:subfield code="a">94' : 1 DVD</marc:subfield>
   </marc:datafield>
</marc:record>
